000 00329nam a22001457a 4500
999 _c54903
_d54903
008 190925b ||||| |||| 00| 0 eng d
020 _a9780071778282
041 _aeng
080 _a004
082 _a004
100 _a28
101 _aSHKI
245 _aOracle Exalogic Elastic Cloud Handbook
_cPlunkett.T
942 _2udc
_cBK